000 00899cam a2200289 a 4500
005 20260322212013.0
008 data
010 _a 2005044144
020 _a0743250559
020 _a9780743250559
040 _aDLC
_cDLC
_dDLC
043 _an-us-fl
050 0 0 _aPS3552.U324
_bS53 2005
082 0 0 _a813/.54
_222
099 _aBUCHAE
100 1 _aBuchanan, Edna.
245 1 0 _aShadows :
_ba novel /
_cEdna Buchanan.
260 _aNew York :
_bSimon & Schuster,
_cc2005.
300 _a259 p. ;
_c25 cm.
650 0 _aCold cases (Criminal investigation)
_vFiction.
650 0 _aPolice
_zMiami
_zMiami
_vFiction.
651 0 _aMiami (Fla.)
_vFiction.
655 7 _aMystery fiction.
_2gsafd
856 4 2 _3Publisher description
_uhttp://www.loc.gov/catdir/enhancements/fy0631/2005044144-d.html
856 4 1 _3Sample text
_uhttp://www.loc.gov/catdir/enhancements/fy0641/2005044144-s.html
001 data
999 _c285
_d285